| 000 | 00539 a2200169 4500 | ||
|---|---|---|---|
| 999 |
_c41334 _d41334 |
||
| 003 | OSt | ||
| 005 | 20210622144528.0 | ||
| 008 | 210622b ||||| |||| 00| 0 eng d | ||
| 020 | _a9789353168407 | ||
| 040 | _coclc | ||
| 082 |
_a612 _bBAR/G |
||
| 100 |
_98604 _aBarrett, Kim E |
||
| 245 |
_aGanong's Review of Medical Physiology/ _cKim E Barrett, Susan M. Barman, Heddwen L. Brooks, Jason X.J. Yaun |
||
| 260 |
_aChennai: _bMc Graw Hill, _c2019. |
||
| 300 | _a742 pages | ||
| 942 |
_2ddc _cBK _h612 _iBAR/G _k612 _mBAR/G |
||